Normal view
MARC view
Entry Topical Term
001 - CONTROL NUMBER
- control field: 52806
003 - CONTROL NUMBER IDENTIFIER
- control field: OSt
005 - DATE AND TIME OF LATEST TRANSACTION
- control field: 20160420122531.0
008 - FIXED-LENGTH DATA ELEMENTS
- fixed length control field: 160420|| aca||aabn | a|a d
040 ## - CATALOGING SOURCE
- Original cataloging agency: OSt
- Transcribing agency: OSt
150 ## - HEADING--TOPICAL TERM
- Topical term or geographic name entry element: Philosophy
670 ## - SOURCE DATA FOUND
- Source citation: Work cat.: (OSt)11643: डॉ भदंत आनंद कौसल्यायन 52805, मनुस्मृति जलाई गई क्यों , 2005









